Зоофразеологізми сучасної англійської мови: структура, семантика, переклад (Запис № 284124)

МАРК-запис
000 -LEADER
fixed length control field 01556nam a22001577a 4500
041 ## - LANGUAGE CODE
Language code of text/sound track or separate title ukr
080 ## - UNIVERSAL DECIMAL CLASSIFICATION NUMBER
Universal Decimal Classification number 09
090 ## - LOCALLY ASSIGNED LC-TYPE CALL NUMBER (OCLC); LOCAL CALL NUMBER (OCLC)
Local cutter number (OCLC) ; Book number/undivided call number, CALL (RLIN) СЕМ
100 ## - MAIN ENTRY--PERSONAL NAME
Personal name Семенюк Д.В.
245 ## - TITLE STATEMENT
Title Зоофразеологізми сучасної англійської мови: структура, семантика, переклад
260 ## - PUBLICATION, DISTRIBUTION, ETC. (IMPRINT)
Place of publication, distribution, etc Острог
Name of publisher, distributor, etc КАФ
Date of publication, distribution, etc 2009
300 ## - PHYSICAL DESCRIPTION
Extent 42
520 ## - SUMMARY, ETC.
Summary, etc ВСТУП<br/>РОЗДІЛ 1 ПОНЯТТЯ ТА ОСОБЛИВОСТІ ЗООФРАЗЕОЛОГІЗМУ<br/>1.1 Зоофразеологізми як особлива лексико-семантична група фразеологічних одиниць.<br/>1.2 Структурно-семантична та граматична класифікація фразеологізмів.<br/>1.3 Джерела виникнення англійських зоофразеологізмів.<br/>РОЗДІЛ 2 ПОРІВНЯЛЬНА ХАРАКТЕРИСТИКА АНГЛІЙСЬКИХ ТА УКРАЇНСЬКИХ ЗООФРАЗЕОЛОГІЗМІВ<br/>2.1 Семантичні особливості англійських зоофразеологізмів.<br/>2.2 Використання переносного значення назв тварин у зоофразеологізмах.<br/>2.3 Зіставний аналіз зоофразеологічних одиниць.<br/>2.4 Зооніми як ініціюючий фактор творення світосприйняття.<br/>ВИСНОВКИ
-- зоофразеологізми
650 ## - SUBJECT ADDED ENTRY--TOPICAL TERM
Topical term or geographic name as entry element Research Papers
942 ## - ADDED ENTRY ELEMENTS (KOHA)
Koha item type Книги
Фонди
Withdrawn status Lost status Source of classification or shelving scheme Damaged status Not for loan Home library Current library Date acquired Source of acquisition Cost, normal purchase price Total Checkouts Full call number Barcode Date last seen Price effective from Koha item type
    Universal Decimal Classification     ВІЛ - Відділ іноземн. літератури НБ ВІЛ - Відділ іноземн. літератури НБ 16/04/2009 Акт №1 1.00   09 213414 15/12/2021 16/04/2009 Книги